Test Yourself-Research Methods and Design in Psychology (Record no. 8102)

MARC details
000 -LEADER
fixed length control field 01063cam a2200337 a 4500
001 - CONTROL NUMBER
control field 17232042
003 - CONTROL NUMBER IDENTIFIER
control field OSt
005 - DATE AND TIME OF LATEST TRANSACTION
control field 20240409153853.0
008 - FIXED-LENGTH DATA ELEMENTS--GENERAL INFORMATION
fixed length control field 120329s2011 enka 000 0 eng d
010 ## - LIBRARY OF CONGRESS CONTROL NUMBER
LC control number 2011410809
015 ## - NATIONAL BIBLIOGRAPHY NUMBER
National bibliography number GBB127798
Source bnb
016 7# - NATIONAL BIBLIOGRAPHIC AGENCY CONTROL NUMBER
Record control number 015762397
Source Uk
016 7# - NATIONAL BIBLIOGRAPHIC AGENCY CONTROL NUMBER
Record control number 015820911
Source Uk
020 ## - INTERNATIONAL STANDARD BOOK NUMBER
International Standard Book Number 9780857256652
035 ## - SYSTEM CONTROL NUMBER
System control number (OCoLC)ocn751746991
040 ## - CATALOGING SOURCE
Original cataloging agency UKMGB
Transcribing agency UKMGB
Modifying agency CDX
-- YDXCP
-- UAB
-- BTCTA
-- BWK
-- NLE
-- DLC
042 ## - AUTHENTICATION CODE
Authentication code lccopycat
050 00 - LIBRARY OF CONGRESS CALL NUMBER
Classification number BF76.5
Item number .R53 2011
082 04 - DEWEY DECIMAL CLASSIFICATION NUMBER
Classification number 001.42 TES 2011
Edition number 22
100 1# - MAIN ENTRY--PERSONAL NAME
Personal name Upton, Dorminic; Upton, Penny;
9 (RLIN) 16510
245 10 - TITLE STATEMENT
Title Test Yourself-Research Methods and Design in Psychology
260 ## - PUBLICATION, DISTRIBUTION, ETC. (IMPRINT)
Place of publication, distribution, etc. Exeter :
Name of publisher, distributor, etc. Learning Matters,
Date of publication, distribution, etc. 2011.
300 ## - PHYSICAL DESCRIPTION
Extent xiv, 137 p. :
Other physical details ill. ;
Dimensions 25 cm.
490 1# - SERIES STATEMENT
Series statement Critical thinking in psychology
650 #0 - SUBJECT ADDED ENTRY--TOPICAL TERM
Topical term or geographic name as entry element Psychology research
9 (RLIN) 16511
650 #0 - SUBJECT ADDED ENTRY--TOPICAL TERM
Topical term or geographic name as entry element Research methods
9 (RLIN) 16512
830 #0 - SERIES ADDED ENTRY--UNIFORM TITLE
Uniform title Critical thinking in psychology.
9 (RLIN) 16515
906 ## - LOCAL DATA ELEMENT F, LDF (RLIN)
a 7
b cbc
c copycat
d 2
e ncip
f 20
g y-gencatlg
942 ## - ADDED ENTRY ELEMENTS (KOHA)
Source of classification or shelving scheme Dewey Decimal Classification
Koha item type Open Shelf
Holdings
Withdrawn status Lost status Source of classification or shelving scheme Damaged status Not for loan Home library Current library Date acquired Source of acquisition Inventory number Total Checkouts Full call number Barcode Date last seen Price effective from Koha item type
    Dewey Decimal Classification     MUST Main Library MUST Main Library 22/03/2023 Donation 14/38750   150 TES 2011 2023-0382 22/03/2023 22/03/2023 Open Shelf
    Dewey Decimal Classification     MUST Main Library MUST Main Library 22/03/2023 Donation 14/38666   150 TES 2011 2023-0383 22/03/2023 22/03/2023 Open Shelf